000 00443nam a2200145 a 4500
001 000036926
005 20200930080027.0
008 120206s1966 pr 000 0 spa d
040 _aDO-SdBNP
_bspa
_cBNPHU
082 _axxxx
_bxxxx
100 1 _aFranco Oppenheimer, Felix
_963323
245 1 0 _aImagenes :
_bprosas-decires-aforismo /
_cFelix Franco Oppenheimer.
260 _aSan Juan, Puerto Rico, :
_bYaurel,
_c1966.
300 _a155 p. ;
_c23 cm.
999 _c36416
_d36416